| 000 | 00644nam a2200229 4500 | ||
|---|---|---|---|
| 999 |
_c1954 _d1954 |
||
| 001 | 1954 | ||
| 003 | BD-JhCC | ||
| 005 | 20210609134020.0 | ||
| 008 | 171026r20062001ii a ||0 eng d | ||
| 020 | _a8187233761 | ||
| 035 | _a(BD-JhCC) 1954 | ||
| 040 |
_aBD-JhCC _dBD-JhCC |
||
| 041 | _aeng | ||
| 082 |
_a823.8 _bSTE 2006 |
||
| 100 | 1 |
_aStevenson, Robert Louis, _d1850-1894. |
|
| 245 | 1 | 0 |
_aDr. Jekyll & Mr. Hyde ; _bThe merry men, and other tales / _cRobert Louis Stevenson, |
| 260 |
_aNew Delhi : _bInfinity Books _c2001 [Reprinted 2006] |
||
| 300 |
_a215 p. : _c20 cm. |
||
| 650 | _aPhysicians | ||
| 942 |
_2ddc _cBK _02 |
||